Quiz sur le Liberia - Statistiques

Statistiques générales
  • Ce quiz a été pris 4 689 fois
  • Le résultat moyen est 11 sur 16
Statistiques - réponses
Question Réponse % Correct
Langue officielle Anglais
91%
D'après la loi, un homme libérien peut avoir jusqu'à quatre ____ Femmes
89%
Pays qui a fondé le Liberia Etats-Unis
86%
Pays frontaliers Sierra Leone
85%
Pays frontaliers Guinée
84%
Pays frontaliers Côte d'Ivoire
83%
Devise monétaire Dollar
75%
Fonction occupée par celui-ci depuis 2018 Président
75%
Épidémie qui a ravagé le Liberia entre 2014 et 2016 Ebola
74%
Capitale et plus grande ville Monrovia
65%
Footballeur qui a remporté le Ballon d'Or en 1995 George Weah
59%
Matériau fabriqué à base de latex végétal qui représente 11% des exportations libériennes Caoutchouc
58%
Le Liberia a la deuxième plus grosse ____ marchande du monde, derrière le Panama et tout juste devant les Îles Marshall Flotte
48%
Président de ce pays qui a donné son nom à la capitale James Monroe
41%
Nom historique du Liberia, donné en raison de l'épice qu'on y trouvait Côte du {Poivre}
32%
Ancien président libérien, ayant mis en place un régime dictatorial, qui fut condamné pour crimes contre l'Humanité en 2012 Charles {Taylor}
15%
Aucun quiz correspondant
Distribution des résultats
% des personnes avec chaque résultat
Percentile par nombre de réponses
Votre historique - résultats
Vous n’avez pas pris ce quiz